00811nam a2200193 a 4500003000200000005001700002008004100019050003100060100003800091245014500129260009000274300002800364504004100392650003100433650003000464650003700494650003900531650004700570020250203110851.0130724s19uu xx 00 eng d aPHS TD 195.N83b.R696 2013 aRodriguez, Christian Alexander F. aChernobyl and Fukushima nuclear explosions :ba comparative study on causes and technological solutions /cChristian Alexander F. Rodriguez. aLas Piñas City, Philippines :bSouthville International School and Colleges,c2013. a30 p. :bill. ;c28 cm. aIncludes bibliographical references. aNuclear energyvAccidents. aNuclear accidentszJapan. aNuclear accidentsvSoviet Union. aChernobyl Nuclear Accident (1986). aFukushima Daiichi Nuclear Disaster (2011).